000 00237nam a2200097Ia 4500
005 20251222114349.0
008 251222s1900||||xx |||||||||||||| ||spa||
082 _aDVD0070/H41/2007
245 0 _aEl niƱo con el pijama de rayas:
942 _cDVD
999 _c1185
_d1185